[Event "NED-ch 1984"]
[Site "Hilversum"]
[Date "1984.??.??"]
[Round "1"]
[White "Ligterink, Gert"]
[Black "Van Mil, Johan"]
[Result "1/2-1/2"]
[WhiteElo "2440"]
[BlackElo "2400"]
[PlyCount "90"]
[EventDate "1984.??.??"]
[Source "ChessBase"]
[SourceDate "1999.07.01"]

1. Nf3 f5 2. g3 Nf6 3. Bg2 g6 4. b3 Bg7 5. Bb2 d6 6. d4 O-O 7. O-O Qe8 8. Nbd2
Nc6 9. Re1 e5 10. dxe5 dxe5 11. e4 f4 12. Nc4 Bg4 13. h3 Rd8 14. Qe2 Bxf3 15.
Bxf3 b5 16. Na3 fxg3 17. fxg3 a6 18. c3 Qd7 19. Kg2 Qd2 20. Nc2 Bh6 21. Bc1
Qxe2+ 22. Rxe2 Bxc1 23. Rxc1 a5 24. Ne3 b4 25. cxb4 Nd4 26. Rd2 axb4 27. Nc4
Nd7 28. Bg4 Nc5 29. Nxe5 Nxe4 30. Rd3 c5 31. Re3 Nc3 32. Nd7 Rf7 33. Nxc5 h5
34. Ne6 Ra8 35. Nxd4 Rxa2+ 36. Be2 Rd7 37. Rc2 Rxd4 38. Rxa2 Nxa2 39. Bc4+ Kg7
40. Re7+ Kf6 41. Re6+ Kf5 42. Ra6 Nc1 43. Rb6 Rd2+ 44. Kf3 Nxb3 45. Rxb4 Nd4+
1/2-1/2

[Event "NED-ch 1984"]
[Site "Hilversum"]
[Date "1984.??.??"]
[Round "1"]
[White "Stehouwer, Coen"]
[Black "Van der Sterren, Paul"]
[Result "1-0"]
[WhiteElo "2285"]
[BlackElo "2455"]
[PlyCount "59"]
[EventDate "1984.??.??"]
[Source "ChessBase"]
[SourceDate "1999.07.01"]

1. e4 e5 2. Nf3 Nc6 3. Bb5 a6 4. Ba4 Nf6 5. O-O Be7 6. Bxc6 dxc6 7. d3 Nd7 8.
Nbd2 O-O 9. Nc4 Bf6 10. b4 Nb6 11. Na5 Qe7 12. Ba3 Rd8 13. c4 Nd7 14. Qc1 Nf8
15. Qe3 g5 16. Rad1 g4 17. Ne1 Bg5 18. Qe2 Ng6 19. g3 Rb8 20. Ng2 h5 21. Nb3 b6
22. Bb2 Qxb4 23. f4 Bf6 24. f5 Nf8 25. Nf4 Nh7 26. Nxh5 Bh8 27. Qxg4+ Kf8 28.
Bc1 Qd6 29. Qh4 c5 30. g4 1-0

[Event "NED-ch 1984"]
[Site "Hilversum"]
[Date "1984.??.??"]
[Round "1"]
[White "Van Wijgerden, Cor"]
[Black "Langeweg, Kick"]
[Result "1/2-1/2"]
[WhiteElo "2435"]
[BlackElo "2415"]
[PlyCount "35"]
[EventDate "1984.??.??"]
[Source "ChessBase"]
[SourceDate "1999.07.01"]

1. e4 c5 2. c3 Nf6 3. e5 Nd5 4. d4 cxd4 5. Bc4 Qc7 6. Qe2 Nb6 7. Bd3 Nc6 8. Nf3
d5 9. exd6 Qxd6 10. O-O g6 11. Nxd4 Nxd4 12. cxd4 Bg7 13. Nc3 O-O 14. Rd1 Be6
15. Bg5 Rfe8 16. Rac1 a6 17. Ne4 Qd5 18. Be3 1/2-1/2

[Event "NED-ch 1984"]
[Site "Hilversum"]
[Date "1984.??.??"]
[Round "2"]
[White "Cuijpers, Frans"]
[Black "Van Wijgerden, Cor"]
[Result "1/2-1/2"]
[WhiteElo "2365"]
[BlackElo "2435"]
[PlyCount "41"]
[EventDate "1984.??.??"]
[Source "ChessBase"]
[SourceDate "1999.07.01"]

1. e4 g6 2. d4 Bg7 3. Nc3 d6 4. f4 Nf6 5. Nf3 O-O 6. Bd3 Na6 7. e5 Nd7 8. Ne2
c5 9. c3 cxd4 10. cxd4 Nb4 11. Be4 Nb6 12. O-O N4d5 13. Ng3 e6 14. Bd3 f5 15.
Ne2 Bd7 16. Qd2 Bc6 17. b3 Re8 18. Ba3 Bf8 19. Bxd6 Bxd6 20. exd6 Qxd6 21. Rac1
1/2-1/2

[Event "NED-ch 1984"]
[Site "Hilversum"]
[Date "1984.??.??"]
[Round "2"]
[White "Kuijf, Rini"]
[Black "Scheeren, Peter"]
[Result "1-0"]
[WhiteElo "2405"]
[BlackElo "2445"]
[PlyCount "81"]
[EventDate "1984.??.??"]
[Source "ChessBase"]
[SourceDate "1999.07.01"]

1. d4 Nf6 2. Nf3 g6 3. Bg5 Bg7 4. Nbd2 O-O 5. e4 d6 6. c3 Nbd7 7. Bc4 e5 8. O-O
Qe7 9. Re1 Re8 10. Qb3 h6 11. Bh4 Qf8 12. a4 Nh5 13. dxe5 dxe5 14. a5 a6 15.
Qc2 Nc5 16. b4 Ne6 17. Nb3 Nhf4 18. Bg3 Qe7 19. Rad1 c6 20. Bf1 Bd7 21. Nbd2
Ng5 22. Nxg5 hxg5 23. Nc4 Be6 24. Rd2 Red8 25. Red1 g4 26. Nb6 Rab8 27. Bc4 Bf6
28. Bxe6 Qxe6 29. Nd7 Ne2+ 30. Kh1 Nxg3+ 31. hxg3 Bg5 32. Rd6 Qe7 33. Qe2 Kg7
34. Qxg4 Rh8+ 35. Kg1 Rbd8 36. R6d3 Rh5 37. Nc5 Rdh8 38. Kf1 Rh1+ 39. Ke2 Rxd1
40. Rxd1 Qf6 41. Rd7 1-0

[Event "NED-ch 1984"]
[Site "Hilversum"]
[Date "1984.??.??"]
[Round "2"]
[White "Langeweg, Kick"]
[Black "Stehouwer, Coen"]
[Result "1/2-1/2"]
[WhiteElo "2415"]
[BlackElo "2285"]
[PlyCount "38"]
[EventDate "1984.??.??"]
[Source "ChessBase"]
[SourceDate "1999.07.01"]

1. d4 Nf6 2. Nf3 e6 3. c4 d5 4. Nc3 Nbd7 5. cxd5 exd5 6. Bf4 Bb4 7. e3 c5 8.
Bd3 c4 9. Bc2 O-O 10. O-O Bxc3 11. bxc3 Re8 12. a4 Qa5 13. Qb1 Ne4 14. Bxe4
dxe4 15. Nd2 Nb6 16. Bc7 Be6 17. Qc2 Rac8 18. Bxb6 Qxb6 19. Rfb1 Qc6 1/2-1/2

[Event "NED-ch 1984"]
[Site "Hilversum"]
[Date "1984.??.??"]
[Round "2"]
[White "Ligterink, Gert"]
[Black "Ree, Hans"]
[Result "1-0"]
[WhiteElo "2440"]
[BlackElo "2465"]
[PlyCount "80"]
[EventDate "1984.??.??"]
[Source "ChessBase"]
[SourceDate "1999.07.01"]

1. Nf3 e6 2. c4 Nf6 3. Nc3 Bb4 4. Qc2 O-O 5. a3 Bxc3 6. Qxc3 d6 7. g3 e5 8. d3
Nc6 9. Bg2 a5 10. b3 Re8 11. O-O Bg4 12. Re1 Qd7 13. Bb2 h6 14. b4 axb4 15.
axb4 Rxa1 16. Bxa1 Ra8 17. b5 Nd8 18. d4 exd4 19. Nxd4 Ra7 20. c5 d5 21. c6
bxc6 22. Qc5 Ra4 23. bxc6 Qe8 24. Qb5 Ra8 25. Bxd5 Nxd5 26. Qxd5 Ne6 27. Qe4
Bh3 28. g4 Nxd4 29. Qxd4 f6 30. Qd5+ Kh8 31. Qf3 Bxg4 32. Qxg4 Qxc6 33. Bd4 Ra5
34. Be3 f5 35. Qb4 Re5 36. Rc1 Qg6+ 37. Kh1 Kh7 38. Rxc7 Re4 39. Qb6 Re6 40.
Qb1 Qg4 1-0

[Event "NED-ch 1984"]
[Site "Hilversum"]
[Date "1984.??.??"]
[Round "2"]
[White "Van der Sterren, Paul"]
[Black "Van der Wiel, John"]
[Result "1/2-1/2"]
[WhiteElo "2455"]
[BlackElo "2535"]
[PlyCount "81"]
[EventDate "1984.??.??"]
[Source "ChessBase"]
[SourceDate "1999.07.01"]

1. d4 Nf6 2. c4 e6 3. Nf3 d5 4. Nc3 Be7 5. Bg5 O-O 6. e3 h6 7. Bh4 b6 8. Qc2
Bb7 9. Rd1 Nbd7 10. cxd5 Nxd5 11. Bg3 Rc8 12. e4 Nxc3 13. bxc3 Nf6 14. Bd3 c5
15. Qb1 cxd4 16. cxd4 Rc3 17. O-O Qa8 18. Rfe1 Rxd3 19. Qxd3 Bxe4 20. Qe3 Bb4
21. Rf1 Bb7 22. Rc1 Nd5 23. Qe2 Nc3 24. Qe3 Ba6 25. Rxc3 Bxc3 26. Qxc3 Rc8 27.
Qa1 Bxf1 28. Qxf1 Qd5 29. h4 Qxa2 30. Kh2 a6 31. Ne5 b5 32. Qd3 Qd5 33. Qa3 Qb7
34. Nd3 Rc4 35. Qd6 b4 36. Qd8+ Kh7 37. Nc5 Qd5 38. Nd7 Rxd4 39. Nf8+ Kg8 40.
Nd7+ Kh7 41. Nf8+ 1/2-1/2

[Event "NED-ch 1984"]
[Site "Hilversum"]
[Date "1984.??.??"]
[Round "3"]
[White "Bohm, Hans"]
[Black "Van der Sterren, Paul"]
[Result "0-1"]
[WhiteElo "2415"]
[BlackElo "2455"]
[PlyCount "114"]
[EventDate "1984.??.??"]
[Source "ChessBase"]
[SourceDate "1999.07.01"]

1. d4 Nf6 2. g3 d5 3. Bg2 g6 4. Nf3 Bg7 5. O-O O-O 6. Bf4 c5 7. c3 cxd4 8. cxd4
Nc6 9. Nc3 Ne4 10. Rc1 Be6 11. Nb5 Rc8 12. Qa4 Qb6 13. e3 a6 14. Na3 h6 15. h4
f6 16. g4 Bxg4 17. Nh2 Bf5 18. f3 Nd6 19. Bxd6 exd6 20. Rf2 Be6 21. Rfc2 Qb4
22. Qb3 Qxb3 23. axb3 f5 24. f4 Bf6 25. Nf3 Na5 26. b4 Nc4 27. Nxc4 dxc4 28.
Nd2 d5 29. Nf3 Kh7 30. h5 g5 31. Ne5 Rfd8 32. Ra1 Be7 33. Ra4 Rd6 34. Ra5 b5
35. Ng6 Bf6 36. Rc1 Bf7 37. Ne5 Bxh5 38. Rca1 Be7 39. Rxa6 Rxa6 40. Rxa6 Bxb4
41. Bxd5 Bd2 42. Kf2 gxf4 43. exf4 Bxf4 44. Be6 Re8 45. Bxf5+ Kg7 46. Nf3 Be3+
47. Kg3 Bxf3 48. Kxf3 Bxd4 49. Rg6+ Kf7 50. Rxh6 Re5 51. Kf4 Bxb2 52. Rh2 Bd4
53. Rd2 Kf6 54. Be4 Bc5 55. Rd5 Bg1 56. Rxe5 Bh2+ 57. Ke3 Kxe5 0-1

[Event "NED-ch 1984"]
[Site "Hilversum"]
[Date "1984.??.??"]
[Round "3"]
[White "Ree, Hans"]
[Black "Van Mil, Johan"]
[Result "1-0"]
[WhiteElo "2465"]
[BlackElo "2400"]
[PlyCount "81"]
[EventDate "1984.??.??"]
[Source "ChessBase"]
[SourceDate "1999.07.01"]

1. c4 f5 2. g3 Nf6 3. Bg2 g6 4. Nc3 Bg7 5. d4 O-O 6. Nh3 Nc6 7. O-O d6 8. b3
Nxd4 9. Qxd4 Ne4 10. Qd5+ e6 11. Qd3 Bxc3 12. Rb1 Bf6 13. Bxe4 fxe4 14. Qxe4 e5
15. Qg2 Be6 16. f3 c6 17. e4 a6 18. Be3 b5 19. c5 d5 20. Nf2 Rf7 21. Rbd1 Qf8
22. Nd3 a5 23. f4 exf4 24. Nxf4 Bg4 25. Rde1 Bc3 26. Rc1 d4 27. Bd2 b4 28. h3
Bd7 29. e5 Re8 30. Rce1 Bc8 31. e6 Rf5 32. g4 Rf6 33. Bxc3 bxc3 34. Qxc6 c2 35.
Nd3 Rexe6 36. Qd5 Rxf1+ 37. Rxf1 Qe7 38. Nf4 Bb7 39. Qxe6+ Qxe6 40. Nxe6 Bf3
41. Nxd4 1-0

[Event "NED-ch 1984"]
[Site "Hilversum"]
[Date "1984.??.??"]
[Round "3"]
[White "Stehouwer, Coen"]
[Black "Cuijpers, Frans"]
[Result "0-1"]
[WhiteElo "2285"]
[BlackElo "2365"]
[PlyCount "80"]
[EventDate "1984.??.??"]
[Source "ChessBase"]
[SourceDate "1999.07.01"]

1. c4 e5 2. Nc3 Nf6 3. g3 Bb4 4. Bg2 O-O 5. Nf3 Nc6 6. O-O e4 7. Ne1 Re8 8. Nc2
Bxc3 9. dxc3 h6 10. Ne3 b6 11. Nd5 Bb7 12. b3 a6 13. Qc2 b5 14. Rd1 Ne5 15. Bf4
d6 16. Nxf6+ Qxf6 17. cxb5 axb5 18. Bxe4 Bxe4 19. Qxe4 Ng6 20. Qf3 Nxf4 21.
gxf4 Qg6+ 22. Kf1 Qc2 23. Qd3 Rxa2 24. Rxa2 Qxa2 25. Qxb5 c6 26. Qd3 Qxb3 27.
c4 Qa4 28. Rb1 d5 29. Rc1 Rb8 30. cxd5 cxd5 31. e3 Qd7 32. f5 Qd6 33. Rd1 Qxh2
34. Qxd5 Qh3+ 35. Kg1 Rb4 36. f3 Qg3+ 37. Kf1 Rb2 38. Rd2 Rxd2 39. Qxd2 Qxf3+
40. Ke1 Qxf5 0-1

[Event "NED-ch 1984"]
[Site "Hilversum"]
[Date "1984.??.??"]
[Round "3"]
[White "Van Wijgerden, Cor"]
[Black "Kuijf, Rini"]
[Result "1/2-1/2"]
[WhiteElo "2435"]
[BlackElo "2405"]
[PlyCount "47"]
[EventDate "1984.??.??"]
[Source "ChessBase"]
[SourceDate "1999.07.01"]

1. e4 c5 2. c3 e6 3. d4 d5 4. exd5 exd5 5. Be3 c4 6. b3 cxb3 7. axb3 Nc6 8. Nf3
Bd6 9. g3 Nge7 10. Bg2 O-O 11. O-O Bg4 12. Qd2 Qd7 13. Bf4 Bxf4 14. Qxf4 Ng6
15. Qc1 Rfc8 16. Qb2 Re8 17. Nbd2 Bh3 18. Bxh3 Qxh3 19. Rfe1 Qg4 20. Qc2 Nf4
21. Kh1 Nh3 22. Kg2 Nf4+ 23. Kh1 Nh3 24. Kg2 1/2-1/2

[Event "NED-ch 1984"]
[Site "Hilversum"]
[Date "1984.??.??"]
[Round "3"]
[White "Van der Wiel, John"]
[Black "Langeweg, Kick"]
[Result "1/2-1/2"]
[WhiteElo "2535"]
[BlackElo "2415"]
[PlyCount "51"]
[EventDate "1984.??.??"]
[Source "ChessBase"]
[SourceDate "1999.07.01"]

1. e4 c5 2. Nf3 d6 3. d4 cxd4 4. Nxd4 Nf6 5. Nc3 Nc6 6. Bg5 e6 7. Qd2 a6 8.
O-O-O h6 9. Bf4 Bd7 10. Nxc6 Bxc6 11. f3 d5 12. Qe1 Bb4 13. Bd2 Qe7 14. e5 Nd7
15. Qg3 f6 16. f4 fxe5 17. fxe5 O-O 18. Bd3 Ba5 19. Ne2 Bc7 20. Bc3 Qg5+ 21.
Qxg5 hxg5 22. Nd4 Nc5 23. Rde1 Bd7 24. Bd2 Nxd3+ 25. cxd3 g4 26. Bf4 1/2-1/2

[Event "NED-ch 1984"]
[Site "Hilversum"]
[Date "1984.??.??"]
[Round "4"]
[White "Cuijpers, Frans"]
[Black "Van der Wiel, John"]
[Result "1/2-1/2"]
[WhiteElo "2365"]
[BlackElo "2535"]
[PlyCount "35"]
[EventDate "1984.??.??"]
[Source "ChessBase"]
[SourceDate "1999.07.01"]

1. e4 e5 2. Nf3 Nf6 3. Nxe5 d6 4. Nf3 Nxe4 5. d3 Nf6 6. Bg5 Be7 7. d4 Bf5 8.
Bd3 Bxd3 9. Qxd3 O-O 10. O-O Nbd7 11. Re1 d5 12. Nbd2 Re8 13. Ne5 Nf8 14. Bxf6
Bxf6 15. Ndf3 Ne6 16. Rad1 c6 17. c3 g6 18. g3 1/2-1/2

[Event "NED-ch 1984"]
[Site "Hilversum"]
[Date "1984.??.??"]
[Round "4"]
[White "Kuijf, Rini"]
[Black "Stehouwer, Coen"]
[Result "1/2-1/2"]
[WhiteElo "2405"]
[BlackElo "2285"]
[PlyCount "49"]
[EventDate "1984.??.??"]
[Source "ChessBase"]
[SourceDate "1999.07.01"]

1. e4 d5 2. exd5 Qxd5 3. Nc3 Qa5 4. d4 Nf6 5. Nf3 c6 6. Bc4 Bf5 7. Bd2 e6 8.
Ne5 Nbd7 9. Nxd7 Nxd7 10. Qe2 Bb4 11. a3 Nf6 12. O-O-O Bxc3 13. Bxc3 Qc7 14. f3
b5 15. Bb3 O-O 16. g4 Bg6 17. h4 h5 18. Rhg1 a5 19. d5 exd5 20. Qd2 Qd6 21. g5
b4 22. gxf6 bxc3 23. Qxc3 Qxf6 24. Qxf6 gxf6 25. Ba4 1/2-1/2

[Event "NED-ch 1984"]
[Site "Hilversum"]
[Date "1984.??.??"]
[Round "4"]
[White "Langeweg, Kick"]
[Black "Bohm, Hans"]
[Result "0-1"]
[WhiteElo "2415"]
[BlackElo "2415"]
[PlyCount "80"]
[EventDate "1984.??.??"]
[Source "ChessBase"]
[SourceDate "1999.07.01"]

1. c4 c5 2. Nf3 Nf6 3. Nc3 d5 4. cxd5 Nxd5 5. e4 Nb4 6. Bc4 Nd3+ 7. Ke2 Nf4+ 8.
Kf1 Ne6 9. b4 cxb4 10. Ne2 Nc7 11. d4 e6 12. Bb2 Nd7 13. h4 Nb6 14. Bd3 Bd7 15.
Rc1 Rc8 16. h5 h6 17. Qd2 a6 18. Rh4 e5 19. d5 Bd6 20. Rh1 Qe7 21. Ng3 Na4 22.
Ba1 O-O 23. Nh4 Nb5 24. Nhf5 Qf6 25. Re1 Nac3 26. Bxb5 Bxb5+ 27. Kg1 Bc5 28.
Rh4 Qg5 29. Qc2 Rfe8 30. Kh2 Bf8 31. Qb2 g6 32. hxg6 fxg6 33. Re3 Nd1 34. Qb3
Nxe3 35. fxe3 gxf5 36. Nxf5 Bd7 37. Rh3 Kh7 38. d6 Bxf5 39. Qf7+ Bg7 40. exf5
Rf8 0-1

[Event "NED-ch 1984"]
[Site "Hilversum"]
[Date "1984.??.??"]
[Round "4"]
[White "Ligterink, Gert"]
[Black "Van Wijgerden, Cor"]
[Result "1/2-1/2"]
[WhiteElo "2440"]
[BlackElo "2435"]
[PlyCount "47"]
[EventDate "1984.??.??"]
[Source "ChessBase"]
[SourceDate "1999.07.01"]

1. c4 e6 2. Nf3 Nf6 3. g3 d5 4. b3 Be7 5. Bg2 O-O 6. O-O Nbd7 7. Nc3 dxc4 8.
bxc4 e5 9. e3 c6 10. d4 exd4 11. exd4 Nb6 12. Ne5 Be6 13. Rb1 Nfd7 14. Nxd7
Qxd7 15. c5 Nd5 16. Nxd5 Bxd5 17. Bxd5 cxd5 18. Be3 b6 19. cxb6 axb6 20. Rxb6
Rxa2 21. Qb3 Ra7 22. Rc1 h6 23. Bf4 Rd8 24. Qb1 1/2-1/2

[Event "NED-ch 1984"]
[Site "Hilversum"]
[Date "1984.??.??"]
[Round "4"]
[White "Ree, Hans"]
[Black "Scheeren, Peter"]
[Result "1/2-1/2"]
[WhiteElo "2465"]
[BlackElo "2445"]
[PlyCount "112"]
[EventDate "1984.??.??"]
[Source "ChessBase"]
[SourceDate "1999.07.01"]

1. d4 Nf6 2. c4 e6 3. Nf3 b6 4. Nc3 Bb7 5. Bg5 Bb4 6. Qc2 h6 7. Bh4 Bxc3+ 8.
Qxc3 d6 9. e3 Nbd7 10. Nd2 Qe7 11. f3 c5 12. Be2 e5 13. O-O exd4 14. exd4 O-O
15. Rfe1 Rfe8 16. Bd3 Qf8 17. b4 cxb4 18. Qxb4 d5 19. c5 Bc6 20. Bf2 bxc5 21.
dxc5 Ne5 22. Bf1 Bd7 23. Nb3 Nc6 24. Qc3 Rxe1 25. Rxe1 Re8 26. Rd1 Qe7 27. Bh4
Be6 28. Bb5 Rc8 29. Bf2 Nd7 30. Ba6 Rd8 31. Nd4 Ncb8 32. Nxe6 fxe6 33. Bb5 Rc8
34. Rc1 Nc6 35. Qa3 Nde5 36. Bg3 Nf7 37. Qa6 Qd7 38. Rb1 e5 39. Re1 Qc7 40. Qa4
Qa5 41. Qxa5 Nxa5 42. Rc1 Nc6 43. Ba6 Rb8 44. a4 g5 45. Rd1 d4 46. Bb5 Rc8 47.
Re1 Kg7 48. Bxc6 Rxc6 49. Bxe5+ Nxe5 50. Rxe5 Ra6 51. Kf2 Rxa4 52. Ke2 Ra3 53.
c6 Rc3 54. Re7+ Kf6 55. Rxa7 Rxc6 56. Kd3 h5 1/2-1/2

[Event "NED-ch 1984"]
[Site "Hilversum"]
[Date "1984.??.??"]
[Round "4"]
[White "Van Mil, Johan"]
[Black "Van der Sterren, Paul"]
[Result "0-1"]
[WhiteElo "2400"]
[BlackElo "2455"]
[PlyCount "76"]
[EventDate "1984.??.??"]
[Source "ChessBase"]
[SourceDate "1999.07.01"]

1. e4 c5 2. Nf3 Nc6 3. d4 cxd4 4. Nxd4 g6 5. Nc3 Bg7 6. Be3 Nf6 7. Bc4 O-O 8.
Bb3 d6 9. h3 Na5 10. O-O b6 11. Qd3 Bb7 12. Rfe1 Nxb3 13. axb3 a6 14. Rad1 b5
15. Bg5 Re8 16. Nd5 Nxd5 17. exd5 Bxd5 18. Nf5 gxf5 19. Qxd5 Be5 20. f4 Qb6+
21. Kh2 e6 22. Qd3 Bg7 23. Qxd6 Qxd6 24. Rxd6 h6 25. Bh4 Bxb2 26. c4 bxc4 27.
bxc4 Rec8 28. Rb1 Bc3 29. Rb7 Rxc4 30. Rd3 Bd4 31. Rg3+ Kh8 32. Rd7 Ba1 33.
Rxf7 Rg8 34. Ra3 Bd4 35. Rxa6 Rc2 36. Bg3 Rc1 37. h4 Bg1+ 38. Kh3 Rxg3+ 0-1

[Event "NED-ch 1984"]
[Site "Hilversum"]
[Date "1984.??.??"]
[Round "5"]
[White "Bohm, Hans"]
[Black "Cuijpers, Frans"]
[Result "1/2-1/2"]
[WhiteElo "2415"]
[BlackElo "2365"]
[PlyCount "80"]
[EventDate "1984.??.??"]
[Source "ChessBase"]
[SourceDate "1999.07.01"]

1. d4 d5 2. c4 c6 3. cxd5 cxd5 4. Nf3 Nf6 5. Nc3 Nc6 6. Bf4 Bf5 7. e3 e6 8. Bb5
Nd7 9. O-O Be7 10. Ne5 Ndxe5 11. Bxe5 O-O 12. Bxc6 bxc6 13. Na4 Qa5 14. Rc1
Rac8 15. a3 Bd3 16. Qxd3 Qxa4 17. Rc3 f6 18. Bg3 c5 19. dxc5 Rxc5 20. Rxc5 Bxc5
21. Rc1 Bb6 22. Bd6 Rd8 23. Be7 Re8 24. Bb4 Qd7 25. h3 Rd8 26. b3 Rc8 27. Rxc8+
Qxc8 28. Qc3 Qxc3 29. Bxc3 e5 30. g4 Kf7 31. Kf1 Ke6 32. Ke2 g6 33. Kd3 f5 34.
gxf5+ gxf5 35. f3 e4+ 36. Ke2 a6 37. Be1 Ba7 38. Bg3 d4 39. exd4 Kd5 40. fxe4+
fxe4 1/2-1/2

[Event "NED-ch 1984"]
[Site "Hilversum"]
[Date "1984.??.??"]
[Round "5"]
[White "Scheeren, Peter"]
[Black "Van Mil, Johan"]
[Result "1/2-1/2"]
[WhiteElo "2445"]
[BlackElo "2400"]
[PlyCount "118"]
[EventDate "1984.??.??"]
[Source "ChessBase"]
[SourceDate "1999.07.01"]

1. Nf3 f5 2. d4 Nf6 3. g3 g6 4. Bg2 Bg7 5. O-O O-O 6. c4 d6 7. Nc3 Qe8 8. d5
Na6 9. Rb1 Bd7 10. b4 c6 11. Qb3 Kh8 12. dxc6 bxc6 13. Qa3 Nc7 14. Rd1 Qf7 15.
c5 Ne4 16. Bb2 d5 17. e3 Nxc3 18. Bxc3 Nb5 19. Bxg7+ Qxg7 20. Qa6 Nc3 21. Qb7
e6 22. Nd4 Rfb8 23. Qa6 Nxd1 24. Rxd1 Rxb4 25. Nxc6 Bxc6 26. Qxc6 Qg8 27. Qd6
Qe8 28. Rxd5 Rb1+ 29. Rd1 Rxd1+ 30. Qxd1 Rd8 31. Qa1+ Kg8 32. c6 Qe7 33. Qc3
Kf7 34. e4 e5 35. Bf3 Rc8 36. exf5 gxf5 37. Bd5+ Kg6 38. h4 Qd6 39. Qe3 f4 40.
Be4+ Kf6 41. Qf3 Ke7 42. Kg2 fxg3 43. fxg3 Rf8 44. Qb3 Rb8 45. Qc2 Qd4 46. Kh3
Rb2 47. Qc1 Qxe4 48. Qxb2 Qh1+ 49. Qh2 Qxc6 50. Qf2 Ke6 51. Qe2 h6 52. Kg4 Kf6
53. Qf2+ Ke6 54. Qf5+ Kd5 55. Qd3+ Ke6 56. Qe3 Qc4+ 57. Kh3 Qf1+ 58. Kh2 Kf5
59. Qxa7 Qe2+ 1/2-1/2

[Event "NED-ch 1984"]
[Site "Hilversum"]
[Date "1984.??.??"]
[Round "5"]
[White "Stehouwer, Coen"]
[Black "Ligterink, Gert"]
[Result "1-0"]
[WhiteElo "2285"]
[BlackElo "2440"]
[PlyCount "61"]
[EventDate "1984.??.??"]
[Source "ChessBase"]
[SourceDate "1999.07.01"]

1. e4 c5 2. c3 e6 3. d4 d5 4. exd5 exd5 5. Nf3 Nc6 6. Be2 Bd6 7. dxc5 Bxc5 8.
O-O Nge7 9. Nbd2 O-O 10. Nb3 Bb6 11. Bg5 f6 12. Bf4 Ng6 13. Qd2 Nxf4 14. Qxf4
Re8 15. Rfe1 Re4 16. Qd2 Bg4 17. Rad1 Kh8 18. h3 Bh5 19. Nfd4 Bxe2 20. Rxe2
Nxd4 21. Nxd4 Qe8 22. Rde1 Bxd4 23. cxd4 Qf7 24. Rxe4 dxe4 25. Rxe4 Qxa2 26. d5
Rd8 27. Re7 h6 28. d6 Qa6 29. d7 Qc6 30. g3 Kg8 31. Qd3 1-0

[Event "NED-ch 1984"]
[Site "Hilversum"]
[Date "1984.??.??"]
[Round "5"]
[White "Van Wijgerden, Cor"]
[Black "Ree, Hans"]
[Result "1/2-1/2"]
[WhiteElo "2435"]
[BlackElo "2465"]
[PlyCount "83"]
[EventDate "1984.??.??"]
[Source "ChessBase"]
[SourceDate "1999.07.01"]

1. e4 e6 2. d4 d5 3. Nc3 Bb4 4. Nge2 Nf6 5. Bg5 dxe4 6. a3 Be7 7. Bxf6 gxf6 8.
Nxe4 b6 9. N2c3 f5 10. Ng3 Bb7 11. d5 Bf6 12. dxe6 Qxd1+ 13. Rxd1 Bxc3+ 14.
bxc3 fxe6 15. Bc4 Ke7 16. f3 Ba6 17. Bd3 Bxd3 18. cxd3 Rd8 19. Kf2 Rd5 20. Rhe1
Nd7 21. d4 Rf8 22. Ne2 Ra5 23. Nf4 Rf6 24. Rd3 Kf7 25. Rde3 Nf8 26. d5 e5 27.
Rxe5 Ng6 28. Nxg6 Kxg6 29. Re7 c6 30. Rc7 Rxa3 31. Ree7 h6 32. Rg7+ Kh5 33.
dxc6 Rxc3 34. Rxa7 Rcxc6 35. Ra2 b5 36. Rb2 Rb6 37. Rb4 Rg6 38. Rc7 Ra6 39. Rc5
Ra2+ 40. Ke3 Rgxg2 41. Rxf5+ Rg5 42. Rxg5+ 1/2-1/2

[Event "NED-ch 1984"]
[Site "Hilversum"]
[Date "1984.??.??"]
[Round "5"]
[White "Van der Sterren, Paul"]
[Black "Langeweg, Kick"]
[Result "1-0"]
[WhiteElo "2455"]
[BlackElo "2415"]
[PlyCount "73"]
[EventDate "1984.??.??"]
[Source "ChessBase"]
[SourceDate "1999.07.01"]

1. d4 Nf6 2. c4 e6 3. Nf3 Bb4+ 4. Bd2 Qe7 5. g3 Nc6 6. Bg2 Bxd2+ 7. Nbxd2 d6 8.
e4 e5 9. d5 Nb8 10. b4 O-O 11. O-O a5 12. a3 Bg4 13. h3 Bxf3 14. Qxf3 Na6 15.
Rab1 axb4 16. axb4 c5 17. dxc6 bxc6 18. Qc3 c5 19. b5 Nb4 20. Ra1 Nd7 21. Rfd1
Nb6 22. Nf1 Rxa1 23. Rxa1 Ra8 24. Rxa8+ Nxa8 25. Ne3 g6 26. h4 Qa7 27. h5 Nb6
28. Bf1 Qa8 29. Qd2 Qd8 30. Ng4 Qe7 31. f4 Nd7 32. f5 gxh5 33. f6 Qf8 34. Qg5+
Kh8 35. Nh6 Nc2 36. Bh3 Nd4 37. Qg7+ 1-0

[Event "NED-ch 1984"]
[Site "Hilversum"]
[Date "1984.??.??"]
[Round "5"]
[White "Van der Wiel, John"]
[Black "Kuijf, Rini"]
[Result "1-0"]
[WhiteElo "2535"]
[BlackElo "2405"]
[PlyCount "81"]
[EventDate "1984.??.??"]
[Source "ChessBase"]
[SourceDate "1999.07.01"]

1. e4 e5 2. Nf3 Nc6 3. Nc3 Nf6 4. Be2 Bc5 5. Nxe5 Nxe5 6. d4 Bb4 7. dxe5 Nxe4
8. Qd3 Nxc3 9. bxc3 Be7 10. Qg3 g6 11. Bh6 d5 12. O-O c6 13. c4 Be6 14. cxd5
Qxd5 15. Rfd1 Qe4 16. Bf3 Qxc2 17. Bg7 Rg8 18. Bf6 Qf5 19. Qh4 g5 20. Qd4 Qf4
21. Qc3 Qc4 22. Qb2 Qb4 23. Qc2 Bxf6 24. exf6 Rg6 25. Rab1 Qc4 26. Qb2 Rb8 27.
Bh5 Qf4 28. Bxg6 hxg6 29. Qa3 Qxf6 30. Qxa7 Rc8 31. Rxb7 Kf8 32. a4 Kg7 33. a5
Rd8 34. Rbb1 Bd5 35. Qd4 Ra8 36. Ra1 Qxd4 37. Rxd4 Kf6 38. a6 Ke5 39. Rb4 c5
40. Rb5 Kd4 41. a7 1-0

[Event "NED-ch 1984"]
[Site "Hilversum"]
[Date "1984.??.??"]
[Round "6"]
[White "Cuijpers, Frans"]
[Black "Van der Sterren, Paul"]
[Result "1/2-1/2"]
[WhiteElo "2365"]
[BlackElo "2455"]
[PlyCount "84"]
[EventDate "1984.??.??"]
[Source "ChessBase"]
[SourceDate "1999.07.01"]

1. e4 e6 2. d4 d5 3. Nc3 Bb4 4. Nge2 Nf6 5. Bg5 dxe4 6. a3 Be7 7. Bxf6 gxf6 8.
Nxe4 b6 9. N2c3 Bb7 10. Bc4 f5 11. Ng3 c6 12. Qd3 Nd7 13. O-O-O Qc7 14. Rhe1
O-O-O 15. Nxf5 Bf6 16. Ng3 Ne5 17. Qe2 Nxc4 18. Qxc4 Qf4+ 19. Kb1 Rxd4 20. Rxd4
Qxd4 21. Qxd4 Bxd4 22. Nce4 Rf8 23. c3 Be5 24. Nh5 Bc7 25. Nhf6 h6 26. Kc2 Rd8
27. g3 Ba6 28. Rd1 c5 29. h4 Rxd1 30. Kxd1 Bb7 31. Ke2 Kd8 32. Ke3 Ke7 33. f4
Bxe4 34. Nxe4 f5 35. Nd2 e5 36. h5 b5 37. c4 a6 38. b3 Ke6 39. Nf3 e4 40. Nh4
Bd8 41. Ng2 Bf6 42. Ke2 Bd4 1/2-1/2

[Event "NED-ch 1984"]
[Site "Hilversum"]
[Date "1984.??.??"]
[Round "6"]
[White "Ligterink, Gert"]
[Black "Van der Wiel, John"]
[Result "0-1"]
[WhiteElo "2440"]
[BlackElo "2535"]
[PlyCount "46"]
[EventDate "1984.??.??"]
[Source "ChessBase"]
[SourceDate "1999.07.01"]

1. Nf3 g6 2. c4 Bg7 3. d4 Nf6 4. Nc3 O-O 5. e4 d6 6. Be2 e5 7. Be3 h6 8. dxe5
Ng4 9. Bc1 Nxe5 10. Nd4 Nbc6 11. Nxc6 bxc6 12. Be3 Be6 13. Qa4 Rb8 14. f4 Ng4
15. Bc1 Bd4 16. Qc2 Qh4+ 17. g3 Bf2+ 18. Kd1 Bxg3 19. hxg3 Qxh1+ 20. Kd2 Qh2
21. Qd3 d5 22. cxd5 cxd5 23. exd5 Nf6 0-1

[Event "NED-ch 1984"]
[Site "Hilversum"]
[Date "1984.??.??"]
[Round "6"]
[White "Ree, Hans"]
[Black "Stehouwer, Coen"]
[Result "1/2-1/2"]
[WhiteElo "2465"]
[BlackElo "2285"]
[PlyCount "88"]
[EventDate "1984.??.??"]
[Source "ChessBase"]
[SourceDate "1999.07.01"]

1. c4 e6 2. Nf3 Nf6 3. Nc3 d5 4. d4 Bb4 5. Bg5 Nbd7 6. e3 c5 7. Bd3 O-O 8. O-O
cxd4 9. exd4 dxc4 10. Bxc4 Bxc3 11. bxc3 Qc7 12. Qd3 b6 13. Rac1 Bb7 14. Bb3
Rfe8 15. Rfe1 Rad8 16. Qe3 Qc6 17. c4 Rc8 18. Qf4 h6 19. Bxf6 Nxf6 20. h3 Rcd8
21. Rcd1 Rd6 22. Ba4 Qxa4 23. Qxd6 Bxf3 24. gxf3 Qxc4 25. d5 Qxa2 26. Qc6 Re7
27. dxe6 Rxe6 28. Rxe6 Qxe6 29. Rd8+ Kh7 30. Qc2+ g6 31. Qc7 g5 32. Qxa7 Kg6
33. Kh2 Nd5 34. Qb8 Kh5 35. Qd6 Nf4 36. Qxe6 Nxe6 37. Rb8 Kg6 38. Rxb6 Kf5 39.
Kg3 h5 40. Rb5+ Kg6 41. h4 f6 42. Rb6 Kf5 43. Rb4 Nf4 44. Rb2 Kg6 1/2-1/2